| 000 | 00308nam a22001097a 4500 | ||
|---|---|---|---|
| 082 | _a629.13338 GOD'R | ||
| 100 |
_aPENDRAY, G EDWARD,GODDARD, ESTHER C _958937 |
||
| 245 | _aROCKET DEVELOPMENT LIQUID FUEL ROCKET RESEARCH 1921-1941 | ||
| 260 |
_aNEWJERSCY _bPRENTICE HALL _c1960 |
||
| 300 | _a222P | ||
| 942 | _cBK | ||
| 999 |
_c569008 _d569008 |
||